Nagpur municipal corporation Byelaws (Record no. 415651)

000 -LEADER
fixed length control field 00290cam a22000977a 4500
008 - FIXED-LENGTH DATA ELEMENTS--GENERAL INFORMATION
fixed length control field 180718b1966 xxu||||| |||| 00| 0 eng d
082 ## - DEWEY DECIMAL CLASSIFICATION NUMBER
Classification number B7301 x5442 M278
245 ## - TITLE STATEMENT
Title Nagpur municipal corporation Byelaws
Statement of responsibility, etc. By Govt. of Maharastra
260 ## - PUBLICATION, DISTRIBUTION, ETC.
Place of publication, distribution, etc. Nagpur
Name of publisher, distributor, etc. Govt. of Maharastra
Date of publication, distribution, etc. 1966
300 ## - PHYSICAL DESCRIPTION
Extent 41p.
Holdings
Withdrawn status Lost status Damaged status Not for loan Permanent Location Current Location Date acquired Full call number Barcode Date last seen Price effective from Koha item type
        Indian Institute of Public Administration Indian Institute of Public Administration 2009-03-05 B7301 x5442 M278 D702 2018-07-21 2018-07-21 D

Powered by Koha